000 00715cab a2200217 4500
001 WB3131-08
008 090401t1995 xxu||||| |||| 00| 0 eng d
035 _a(Sirsi) u51541
041 _aeng
245 _aProblems on three fronts for BICC
260 _c1995
350 _a0
490 _aFinancial Times
_v17 August 1995, 15(1)
520 _aBICC has reported losses in the first half of 1995. The company blames losses in Germany, higher raw material prices and a depressed UK construction market.
650 _aBUILT ENVIRONMENT-BUILDING MATERIALS
650 _aCONSTRUCTION COMPANY PERFORMANCE
650 _aCONSTRUCTION MARKET
690 _aBUILT ENVIRONMENT
942 _n0
948 _c04/03/1997
999 _c31998
_d31998